| 000 | 00404nam a22001697a 4500 | ||
|---|---|---|---|
| 005 | 20160616111907.0 | ||
| 008 | 160616b xxu||||| |||| 00| 0 eng d | ||
| 020 | _a81-259-1374-2 | ||
| 041 | _aeng | ||
| 082 | _b7933 | ||
| 100 |
_aNanda, Meena _91782 |
||
| 245 | _aBoss Management | ||
| 260 |
_aNew Delhi _bVikas Publishing House (P) Ltd. |
||
| 300 | _a218 | ||
| 650 |
_aManagement _9241 |
||
| 942 | _cBK | ||
| 999 |
_c2902 _d2901 |
||